Química inorgánica (Registro nro. 15549)
[ vista simple ]
| 000 -Cabecera | |
|---|---|
| Campo de control interno | 01110nam a2200229Ia 4500 |
| 005 - Fecha y hora del registro | |
| control field | 20260401161628.0 |
| 008 - Elementos de Longitud Fija | |
| fixed length control field | 260306t2008||||xx |||||||||||||| ||und|| |
| 041 ## - Idioma | |
| Codigo Idioma | ESP |
| 082 ## - DEWEY y NOTACIÓN INTERNA | |
| Dewey | 546 |
| Notación Interna | A87 |
| 100 ## - AUTOR | |
| Autor denominación | Atkins, Peter |
| Término de relación | autor |
| 245 #0 - TÍTULO DE MATERIAL BIBLIOGRÁFICO | |
| Título | Química inorgánica |
| 260 ## - CIUDAD, EDITORIAL, AÑO | |
| Año | 2008 |
| 300 ## - DESCRIPCIÓN | |
| N° Páginas | 822 páginas : |
| Dimensiones | 27 cm. |
| 650 ## - TEMAS | |
| Temas | Generalidades |
| 654 ## - PROGRAMAS | |
| Programa | Dpto. de Ciencias Naturales |
| 856 ## - URL - UBICACIÓN | |
| URI/URL: Enlace exacto del recurso | <a href="https://0u213uya9-y-https-ebooks7--24-com.itmsp.museknowledge.com/?il=17657&pg=s9ml/chapter01/portadilla.xhtml#data-uuid-1d3a5c5f0dba47d382e6222325d4c241">https://0u213uya9-y-https-ebooks7--24-com.itmsp.museknowledge.com/?il=17657&pg=s9ml/chapter01/portadilla.xhtml#data-uuid-1d3a5c5f0dba47d382e6222325d4c241</a> |
| Nota pública: Versión digital | <a href="Véase además: Química inorgánica, por Francisco Higinio Recio del Bosque. Versión digital">Véase además: Química inorgánica, por Francisco Higinio Recio del Bosque. Versión digital</a> |
| 856 ## - URL - UBICACIÓN | |
| URI/URL: Enlace exacto del recurso | <a href="https://0u213uyao-y-https-ebooks7--24-com.itmsp.museknowledge.com/biblioteca.aspx">https://0u213uyao-y-https-ebooks7--24-com.itmsp.museknowledge.com/biblioteca.aspx</a> |
| Nota pública: Versión digital | <a href="Véase además: Base de datos Ebook7-24">Véase además: Base de datos Ebook7-24</a> |
| 856 ## - URL - UBICACIÓN | |
| URI/URL: Enlace exacto del recurso | <a href="https://0u216uyaq-y-https-accessmedicina-mhmedical-com.itmsp.museknowledge.com/">https://0u216uyaq-y-https-accessmedicina-mhmedical-com.itmsp.museknowledge.com/</a> |
| Nota pública: Versión digital | <a href="Véase además: Base de datos McGraw Hill Access Medicina">Véase además: Base de datos McGraw Hill Access Medicina</a> |
| 856 ## - URL - UBICACIÓN | |
| URI/URL: Enlace exacto del recurso | <a href="https://0u23fuyar-y-https-www-clinicalkey-com.itmsp.museknowledge.com/student/login">https://0u23fuyar-y-https-www-clinicalkey-com.itmsp.museknowledge.com/student/login</a> |
| Nota pública: Versión digital | <a href="Véase además: Base de datos ClinicalKey">Véase además: Base de datos ClinicalKey</a> |
| 942 ## - ELEMENTOS DE KOHA | |
| Tipo de documento | Libro |
| Nombre del creador | Justo Noguera |
| Código de catalogador | Justo Noguera |
| Esquema de clasificación | Dewey Decimal Classification |
| Codigo completo | Registro | Colección | Copia número | Disponibilidad | Tipo de préstamo | Biblioteca Actual | Procedencia (Biblioteca) | Ubicacón | Fecha Ingreso | Tipo de Adquisición | Date last seen | Total checkouts | Price effective from | Tipo de Item | Estado del Material | Fuente de Clasificación | Damaged status | Withdrawn status |
|---|---|---|---|---|---|---|---|---|---|---|---|---|---|---|---|---|---|---|
| 546 A87 | 1000599 | Universidad Católica San Pablo | 1 | Disponible | Disponible | Víctor Andrés Belaunde | Víctor Andrés Belaunde | Segundo piso | 03/06/2026 | Compra | 06/03/2026 | 06/03/2026 | Libro | Bueno | Dewey Decimal Classification |




